000 00216 a2200097 4500
001 51502
100 _aGovt of Pakistan
245 _aIslamiat (Comp)
260 _aKarachi
_bSh. Shaukat Ali
_c
090 _c32626
_d32626
942 _aNUST-CAE
_cM
_c25143
999 _c286575
_d286575